000 00359nam a2200157Ia 4500
003 Ost
005 20260225132552.0
008 260225s9999||||xx |||||||||||||| ||und||
040 _cfsic
041 _afre
082 _a440
100 _aAbdelghani Megherbi
_eAuteur
245 0 _aLe miroir apprivoisé /
245 0 _cAbdelghani Megherbi
942 _cكتاب
999 _c34195
_d34195